| 000 | 01732nam0a2200325 i 4500 | ||
|---|---|---|---|
| 001 | RU\NLR\bibl\1882218 | ||
| 005 | 20240921092106.0 | ||
| 010 |
_a9785952702134 _9300 |
||
| 021 |
_aRU _b2012-15027 _91129 |
||
| 035 | _a(NLR Aleph) 001871978 | ||
| 090 |
_a2673840 _c2673840 |
||
| 100 | _a20120320d2011 k y0rusy50 ca | ||
| 101 | 0 | _arus | |
| 102 | _aRU | ||
| 105 | _aa ||||||||| | ||
| 200 | 1 |
_aФормирование конкурентоспособного персонала в условиях вахтового метода работы _e(на примере нефтегазовой отрасли) _eмонография _fВ.М. Быков _gМ-во образования и науки РФ, Междунар. акад. бизнеса и новых технологий |
|
| 210 |
_aЯрославль _cАверс Плюс _d2011 |
||
| 215 |
_a243 с. _cил., цв. ил. _d20 |
||
| 320 | _aБиблиогр.: с. 231-241 (193 назв.) и в подстроч. примеч. | ||
| 606 | 1 |
_aНефтегазовая промышленность _xКадры _xУправление _yРоссийская Федерация _92479339 _3RU\NLR\auth\661471941 |
|
| 606 | 1 |
_aНефтегазовая промышленность _xОрганизация труда _xВахтовые методы _92404199 _3RU\NLR\auth\661432918 |
|
| 686 | _aУ30(2)565.2-640-21(2Р) | ||
| 686 | _aУ30(2)565.2-801.42 | ||
| 700 | 1 |
_4070 _7ca _8rus _aБыков _bВ. М. _cд-р экон. наук, канд. ист. наук _gВячеслав Михайлович _9103232 _3RU\NLR\AUTH\77120307 |
|
| 801 | 0 |
_aRU _bNLR _c20120320 _gRCR |
|
| 801 | 1 |
_aRU _bNLR _c20120320 |
|
| 942 | _cBOOK | ||
| 980 | _aNBR | ||